ZEITSCHRIFT FUR SEMIOTIK, VOL.04-N.1/2 (1982) (Record no. 182023)
[ view plain ]
| 000 -LEADER | |
|---|---|
| fixed length control field | 01134nas a2200277Ia 4500 |
| 001 - CONTROL NUMBER | |
| control field | R707/49456 |
| 003 - CONTROL NUMBER IDENTIFIER | |
| control field | IT-RoPAU |
| 008 - FIXED-LENGTH DATA ELEMENTS--GENERAL INFORMATION | |
| fixed length control field | 151124c99999999xx |||||||||||| ||und|| |
| 040 ## - CATALOGING SOURCE | |
| Original cataloging agency | IT-RoPAU |
| 040 ## - CATALOGING SOURCE | |
| Transcribing agency | IT-RoPAU |
| 041 ## - LANGUAGE CODE | |
| Language code of text/sound track or separate title | TEDESCO |
| 100 ## - MAIN ENTRY--PERSONAL NAME | |
| Personal name | Ivanov Vjaceslav Vsevolodovic |
| Miscellaneous information | Codice Aut. SPICS: 5284 |
| 210 ## - ABBREVIATED TITLE | |
| Abbreviated title | ZEITSCHRIFT FUR SEMIOTIK |
| 222 ## - KEY TITLE | |
| Key title | Zeitschrift Fur Semiotik |
| 245 ## - TITLE STATEMENT | |
| Title | ZEITSCHRIFT FUR SEMIOTIK, VOL.04-N.1/2 (1982) |
| Remainder of title | Struktur-Typologische Vorgehensweise In Der Semantischen Interpretation Von Werken Der Bildenden Kunst Unter Diachronem |
| 250 ## - EDITION STATEMENT | |
| Edition statement | 1a ed. |
| 260 ## - PUBLICATION, DISTRIBUTION, ETC. (IMPRINT) | |
| Place of publication, distribution, etc. | WIESBADEN |
| Name of publisher, distributor, etc. | AKADEMISCHE VERLAG. ATHENAION |
| Date of publication, distribution, etc. | 1982 |
| 300 ## - PHYSICAL DESCRIPTION | |
| Extent | 38 p. [55-92] |
| 362 ## - DATES OF PUBLICATION AND/OR SEQUENTIAL DESIGNATION | |
| Dates of publication and/or sequential designation | VOL.04, N.1/2 (1982) |
| 501 ## - WITH NOTE | |
| -- | Paulus - SPICS - Società San Paolo EM (non-commercial uses only) |
| -- | Copyright2015 |
| 500 ## - GENERAL NOTE | |
| General note | Cammino della Struttura Tipologica Nell'Interpretazione Semantica Delle Opere D'Arte Sotto L'Aspetto Diacronico. Varie Illustrazioni Fotografiche. |
| 650 ## - SUBJECT ADDED ENTRY--TOPICAL TERM | |
| Topical term or geographic name as entry element | SEMIOTICA |
| Form subdivision | PUBBLICAZIONE PERIODICA |
| 700 ## - ADDED ENTRY--PERSONAL NAME | |
| Personal name | Toporov Vladimir Nikolaevic |
| 700 ## - ADDED ENTRY--PERSONAL NAME | |
| Miscellaneous information | Codice Aut. SPICS: 676 |
| 942 ## - ADDED ENTRY ELEMENTS (KOHA) | |
| Koha item type | RIVISTA |
| Withdrawn status | Lost status | Damaged status | Not for loan | Home library | Current library | Date acquired | Total Checkouts | Full call number | Date last seen | Price effective from | Koha item type | Public note |
|---|---|---|---|---|---|---|---|---|---|---|---|---|
| Buone Condizioni | Not For Loan | SPICS-MEDIATECA | SPICS-MEDIATECA | 25/11/2015 | R707/49456 | 25/11/2015 | 25/11/2015 | RIVISTA | Progr. Ins: 92845 / Copia rara: NO / date import: 25.11.2015 / By Epidotti, Trombetti, Vaglietti |